Shaping Britain for the 21st century: a land-use and transport planning strategy. A discussion paper... (Record no. 93297)

MARC details
000 -LEADER
fixed length control field 00668cam a2200229 4500
008 - FIXED-LENGTH DATA ELEMENTS--GENERAL INFORMATION
fixed length control field 090401t1991 xxu||||| |||| 00| 0 eng d
020 ## - INTERNATIONAL STANDARD BOOK NUMBER
International Standard Book Number 0854065016
035 ## - SYSTEM CONTROL NUMBER
System control number (Sirsi) u53570
041 ## - LANGUAGE CODE
Language code of text/sound track or separate title eng
050 ## - LIBRARY OF CONGRESS CALL NUMBER
Classification number 711.7
090 ## - LOCALLY ASSIGNED LC-TYPE CALL NUMBER (OCLC); LOCAL CALL NUMBER (RLIN)
Classification number (OCLC) (R) ; Classification number, CALL (RLIN) (NR) RICS 1991/21ABCD
110 ## - MAIN ENTRY--CORPORATE NAME
Corporate name or jurisdiction name as entry element Royal Institution of Chartered Surveyors
Subordinate unit Planning and Development Division
9 (RLIN) 956
245 ## - TITLE STATEMENT
Title Shaping Britain for the 21st century: a land-use and transport planning strategy. A discussion paper...
260 ## - PUBLICATION, DISTRIBUTION, ETC.
Place of publication, distribution, etc. London
Name of publisher, distributor, etc. RICS
Date of publication, distribution, etc. 1991
300 ## - PHYSICAL DESCRIPTION
Extent 34p.; 30cm.
350 ## - PRICE (NR) (BK AM CF MU VM SE) [OBSOLETE]
Price 10
650 ## - SUBJECT ADDED ENTRY--TOPICAL TERM
Topical term or geographic name entry element Land use
9 (RLIN) 6251
650 ## - SUBJECT ADDED ENTRY--TOPICAL TERM
Topical term or geographic name entry element PLANNING
650 ## - SUBJECT ADDED ENTRY--TOPICAL TERM
Topical term or geographic name entry element TRANSPORT
942 ## - ADDED ENTRY ELEMENTS (KOHA)
Suppress in OPAC 0
948 ## - LOCAL PROCESSING INFORMATION (OCLC); SERIES PART DESIGNATOR (RLIN)
c (OCLC) 04/03/1997
Holdings
Withdrawn status Lost status Source of classification or shelving scheme Damaged status Not for loan Home library Current library Shelving location Date acquired Cost, normal purchase price Total Checkouts Full call number Barcode Date last seen Copy number Cost, replacement price Price effective from Koha item type
    Dewey Decimal Classification     London London RICS Boxes 16/08/1991 10.00   RICS 1991/21 30022620 06/08/2019 1 10.00 06/08/2019 Archive
    Dewey Decimal Classification     London London RICS Boxes 16/08/1991 10.00   RICS 1991/21 30031555 06/08/2019 2 10.00 06/08/2019 Reference material
    Dewey Decimal Classification     London London RICS Boxes 16/08/1991 10.00   RICS 1991/21 30031562 06/08/2019 3 10.00 06/08/2019 Book
    Dewey Decimal Classification     London London RICS Boxes 16/08/1991 10.00   RICS 1991/21 30031566 06/08/2019 4 10.00 06/08/2019 Book